| Tag |
First Indicator |
Second Indicator |
Subfields |
| LEADER |
00000cam a22000008i 4500 |
| 001 |
in00003583213 |
| 005 |
20170928133125.0 |
| 008 |
150223t20152015nyu 001 0 eng |
| 010 |
|
|
|a 2015005073
|
| 019 |
|
|
|a 892041389
|a 906024305
|
| 020 |
|
|
|a 9780399169977 (hardback)
|
| 020 |
|
|
|a 0399169970 (hardback)
|
| 035 |
|
|
|a (OCoLC)ocn892458588
|
| 035 |
|
|
|a (OCoLC)892458588
|z (OCoLC)892041389
|z (OCoLC)906024305
|
| 040 |
|
|
|a DLC
|b eng
|e rda
|c DLC
|d BTCTA
|d BDX
|d YDXCP
|d OCLCO
|d OCLCF
|d IEP
|d SINLB
|d VP@
|d FM0
|d CDX
|d TXA
|d UtOrBLW
|
| 042 |
|
|
|a pcc
|
| 049 |
|
|
|a TXAM
|
| 050 |
0 |
0 |
|a HQ755.8
|b .M416 2015
|
| 082 |
0 |
0 |
|a 649/.1
|2 23
|
| 084 |
|
|
|a FAM034000
|a FAM039000
|a FAM003000
|2 bisacsh
|
| 100 |
1 |
|
|a McCready, Amy.
|0 http://id.loc.gov/authorities/names/n2011011502
|
| 245 |
1 |
5 |
|a The "me, me, me" epidemic :
|b a step-by-step guide to raising capable, grateful kids in an over-entitled world /
|c Amy McCready.
|
| 264 |
|
1 |
|a New York :
|b Jeremy P. Tarcher/Penguin, an imprint of Penguin Random House,
|c [2015]
|
| 264 |
|
4 |
|c ©2015
|
| 300 |
|
|
|a xi, 321 pages ;
|c 24 cm
|
| 336 |
|
|
|a text
|b txt
|2 rdacontent
|
| 337 |
|
|
|a unmediated
|b n
|2 rdamedia
|
| 338 |
|
|
|a volume
|b nc
|2 rdacarrier
|
| 500 |
|
|
|a Includes index.
|
| 505 |
0 |
|
|a Kids rule. But should they? -- The great give-in -- They're not helpless -- Overcontrol -- Creating a consequential environment -- Reasonable expectations -- The praise problem -- Money and sense -- Keeping up with the Kardashians, Jones and Facebook -- Un-centering their universe -- It's okay not to be special.
|
| 520 |
|
|
|a "Cure your kids of the entitlement epidemic so they develop happier, more productive attitudes that will carry them into a successful adulthood. Whenever Amy McCready mentions the "entitlement epidemic" to a group of parents, she is inevitably met with eye rolls, nodding heads, and loaded comments about affected children. It seems everywhere one looks there are preschoolers who only behave in the grocery store for a treat, narcissistic teenagers posting selfies across all forms of social media, and adult children living off their parents. Parenting expert Amy McCready reveals in this book that the solution is to help kids develop healthy attitudes in life. By setting up limits with consequences, and training them in responsible behavior and decision-making, parents can rid their homes of the entitlement epidemic and raise confident, resilient, and successful children. Whether parents are starting from scratch with a young toddler or navigating the teen years, they will find in this book proven strategies to effectively quell entitled attitudes in their children"--
|c Provided by publisher.
|
| 520 |
|
|
|a "Parenting expert Amy McCready shows parents how to cure their kids of the entitlement epidemic so they develop happier, more productive attitudes. Whether parents are starting from scratch with a young toddler or navigating the teen years, they will find in this book proven strategies to effectively quell entitled attitudes in their children"--
|c Provided by publisher.
|
| 650 |
|
0 |
|a Parenting.
|0 http://id.loc.gov/authorities/subjects/sh85098009
|
| 650 |
|
0 |
|a Child rearing.
|0 http://id.loc.gov/authorities/subjects/sh85023387
|
| 650 |
|
0 |
|a Child psychology.
|0 http://id.loc.gov/authorities/subjects/sh85023380
|
| 650 |
|
7 |
|a FAMILY & RELATIONSHIPS / Parenting / General.
|2 bisacsh
|
| 650 |
|
7 |
|a FAMILY & RELATIONSHIPS / Life Stages / School Age.
|2 bisacsh
|
| 650 |
|
7 |
|a FAMILY & RELATIONSHIPS / Life Stages / Adolescence.
|2 bisacsh
|
| 650 |
|
7 |
|a Child psychology.
|2 fast
|0 (OCoLC)fst00854540
|
| 650 |
|
7 |
|a Child rearing.
|2 fast
|0 (OCoLC)fst00854588
|
| 650 |
|
7 |
|a Parenting.
|2 fast
|0 (OCoLC)fst01053407
|
| 948 |
|
|
|a cataloged
|b h
|c 2015/9/2
|d c
|e ceaton
|f 12:46:43 pm
|
| 994 |
|
|
|a C0
|b TXA
|
| 999 |
f |
f |
|s 0b15d5e8-63ab-3435-b95b-8506a62d797a
|i 84f582e8-b96a-306d-8b2d-fd5b2af24a4b
|t 0
|
| 952 |
f |
f |
|p normal
|a Texas A&M University
|b College Station
|c Sterling C. Evans Library
|d Evans: Library Stacks
|t 0
|e HQ755.8 .M416 2015
|h Library of Congress classification
|i unmediated -- volume
|m A14843147852
|
| 998 |
f |
f |
|a HQ755.8 .M416 2015
|t 0
|l Evans: Library Stacks
|